Music Quiz

Random Music or Song Quiz
Score 0/156 Timer 09:00
0 Plays Today
% Correct
I
99.8%
I
99.8%
I
99.8%
I
99.8%
I
99.8%
I
99.8%
I
99.8%
I
99.8%
I
99.8%
I
99.8%
I
99.8%
(CHORUS)
99.7%
CHORUS:
99.7%
(CHORUS)
99.7%
(CHORUS)
99.7%
(CHORUS)
99.7%
is
99.5%
is
99.5%
a
99.5%
You
99.4%
you
99.4%
you
99.4%
you.
99.4%
You
99.4%
you.
99.4%
You
99.4%
[Where
99.4%
boy
99.2%
he
99.1%
he
99.1%
He
99.1%
He
99.1%
your
98.9%
to
98.9%
tonight?
98.5%
the
98.3%
the
98.3%
The
98.3%
the
98.3%
hope
98.1%
hope
98.1%
gentleman.
98.1%
this
97.6%
this
97.6%
of
97.3%
of
97.3%
know:
97.2%
town.]
96.9%
thing
96.9%
were
96.7%
about
96.5%
out
96.5%
% Correct
part
96.5%
out.)
96.5%
out.
96.5%
out.)
96.5%
out.
96.5%
find
96.3%
good
96.3%
find
96.3%
find
96.3%
find
96.3%
find
96.3%
last
96.1%
won't
96.1%
(Won't
96.1%
won't
96.1%
(Won't
96.1%
won't
96.1%
what
95.1%
Maybe
94.7%
up,
87.8%
up
87.8%
be
87.6%
be
87.6%
be
87.6%
be
87.6%
I'm
86.8%
I'm
86.8%
I'm
86.8%
When
86.6%
on
86.4%
on,
86.4%
for
86.1%
for
86.1%
for
86.1%
wake
85.4%
my
85.3%
my
85.3%
my
85.3%
him
85.2%
him,
85.2%
him,
85.2%
him.
85.2%
him,
85.2%
him,
85.2%
him.
85.2%
an
83.7%
an
83.7%
should
83.1%
should
83.1%
could
82.1%
could
82.1%
that
81.9%
% Correct
more
81.8%
more
81.8%
more
81.8%
than
81.6%
than
81.6%
than
81.6%
take
81.2%
chances
80.9%
can
80.1%
can
80.1%
trying,
79.8%
trying.
79.8%
but
79.1%
but
79.1%
willing
78.7%
still
78.6%
still
78.6%
say
78.5%
say
78.5%
and
78%
need
77.3%
need
77.3%
wrote
75.4%
That's
72.7%
That's
72.7%
in
72.4%
in
72.4%
hate
70.6%
get
69.3%
afternoon.
66.8%
four
66.5%
with
66.2%
at
65.5%
accident,
65.2%
accident,
65.2%
pants
64.3%
waking
63.8%
off
63%
call
61.9%
I'll
60.6%
I'll
60.6%
ass
60.4%
new
59.6%
fashion
58.5%
brand
58.2%
Someday
57.3%
value,
56.5%
forget
54.7%
notice.
53.7%
meantime
53.1%
sport
52.9%
appreciate
52.8%
Remove Ads.
Support Sporcle.
Get the best of Sporcle when you Go Orange. This ad-free experience offers more features, more stats, and more fun while also helping to support Sporcle. Thank you for becoming a member.

You're not logged in!

Compare scores with friends on all Sporcle quizzes.
OR
Log In

Show Comments

Extras

Top Quizzes Today


Score Distribution

Your Account Isn't Verified!

In order to create a playlist on Sporcle, you need to verify the email address you used during registration. Go to your Sporcle Settings to finish the process.

Report this User

Report this user for behavior that violates our Community Guidelines.

Details: